000 00506 a2200205 4500
001 108200
020 _a0321118170
041 _apor
082 _aP Year 3 [E]
100 _aMorrow, Peggy et.al.
300 _a436 p.
521 _aYear 3
697 _amathematics.
856 _u000017/00001786.jpg
040 _aBR-BrIDEA
_cBR-BrIDEA
090 _aP Year 3 [E]
_bMOR
245 1 0 _aMath Makes Sense 3
_c Peggy et.al Morrow
260 _a[S.l.]
_bPearson Education Canada Inc
_cc2004
942 _cBK
999 _c108200
_d108200